Najdroższe Transfery Polaków - Statystyki

Ogólne statystyki
  • Ten quiz został rozwiązany 93 razy
  • Średni wynik to 11 z 15
Statystyki odpowiedzi
Numer Sezon Kwota Odpowiedź % Poprawnych
1. 22/23 45 mln € Robert Lewandowski
100%
2. 18/19 35 mln € Krzysztof Piątek
91%
5. 19/20 24 mln € Krzysztof Piątek
91%
3. 16/17 32 mln € Arkadiusz Milik
86%
8. 16/17 16 mln € Piotr Zieliński
86%
7. 17/18 18.4 mln € Wojciech Szczęsny
81%
4. 16/17 27.5 mln € Grzegorz Krychowiak
80%
11. 19/20 12 mln € Grzegorz Krychowiak
80%
12. 20/21 11 mln € Jakub Moder
75%
12. 16/17 11 mln € Kamil Glik
71%
6. 22/23 19.5 mln € Jakub Kiwior
69%
14. 22/23 10 mln € Jakub Kamiński
51%
15. 23/24 9.75 mln € Sebastian Szymański
51%
10. 24/25 13.5 mln € Kamil Grabara
44%
9. 20/21 15.75 mln € Matty Cash
41%
Nie znaleziono quizów pasujących do podanych kryteriów
Rozkład punktacji
Procent ludzi z każdym wynikiem
Percentyl według liczby udzielonych odpowiedzi
Twoja historia wyników
Nie rozwiązałeś tego quizu